000
00326nam a2200133Ia 4500
005
20251222140029.0
008
251222s1900||||xx |||||||||||||| ||spa||
020
_a
8479865814
082
_a
252/F12
245
0
_a
Credere et Celebrare:
250
_a
1ra. ed.
264
_b
Facultad de TeologĂa San Vicente Ferrer
942
_c
LIB
999
_c
2907
_d
2907